| 000 | 01446nam a22002297a 4500 | ||
|---|---|---|---|
| 999 |
_c22206 _d22206 |
||
| 003 | AR-CdUCM | ||
| 008 | 190425b ||||| |||| 00| 0 spa d | ||
| 040 |
_aMUNICIPALIDAD PROVINCIAL DEL CUSCO _cBIBLIOTECA MUNICIPAL DEL CUSCO |
||
| 082 | _aQeuña/N°2/2008 | ||
| 245 |
_aQ´euña : _brevista de la Sociedad Botánica del Cusco / _cSociedad Botánica del Cusco |
||
| 260 |
_aCusco. _bModerna, _c2008. |
||
| 300 |
_a62 páginas. : _bilustraciones ; _c28 cm. |
||
| 440 |
_aQ´euña. _nAño II, N°02, 2008. _947644 |
||
| 505 | _aContenido: Aislamiento y evacuación de medios de cultivo para el crecimiento vegetativo del hongo del valle de la Convención. -- Liquenobiota del Parque Arqueológico de Saqsaywaman. -- Frutales nativos silvestres consumidos en los mercados locales y zonas rurales de la Amazonía peruana Departamentos de Cusco, Loreto y Madre de Dios. -- Estudio florístico preliminar del cañón de Suykutambo de la provincia de Espinar. -- Forestales nativos del Valle Sagrado. -- Conozcamos nuestros forestales nativos. -- Significado de las flores. -- Sociedad protectora de la naturaleza del Cusco. -- La diversidad de la flora alto andina entre 3500-4500 msnm. | ||
| 650 |
_aBotánica cusqueña _945807 |
||
| 650 |
_aBiodiversidad _919327 |
||
| 700 |
_aTupayachi Herrera, Alfredo _920659 |
||
| 700 |
_aMostajo Zavaleta, Martha _947645 |
||
| 710 |
_aSociedad Botánica del Cusco _947643 |
||
| 942 |
_2ddc _cPP |
||
| 945 | _arac | ||